000
00332nam a2200157Ia 4500
003
OSt
005
20240101101028.0
008
170524s9999 xx 000 0 und d
020
_a
8122400027
040
_c
IIMTU
100
_a
Ray/Chaudhary
245
0
_a
Network & System
260
_b
New Age
260
_c
2003
942
_2
ddc
_c
02
999
_c
5314
_d
5314